000 00459nam a2200181Ia 4500
003 LK-CoDNM
008 010623t1994 xxu||||| |||| 00| 1 sin d
040 _aLK-CoDNM
_dLK-CoDNM
_eLK-CoDNM
041 _asin
080 _a398
_bSAM
100 _aSamarasinghe, Wimaladasa
245 _aඋයිගර් ජනකථා
246 _aUigar janakathaa
260 _bS.Godage
_aColombo
_c1994
300 _b102, 22 cm
650 _aFolk Tales
942 _cBK
999 _c116540
_d116540